[Event "7th Cattolica Open-B 2020"]
[Site "Cattolica"]
[Date "2020.09.06"]
[Round "7.5"]
[White "Rubinshtein, Kamilla"]
[Black "Antoniacci, Riccardo"]
[Result "0-1"]
[WhiteElo "1767"]
[BlackElo "1649"]
[Annotator "NA"]
[PlyCount "116"]
[EventDate "2020.08.31"]
[EventType "swiss"]
[EventCountry "ITA"]
[SourceTitle "playchess.com"]
[Source "ChessBase"]
[SourceQuality "1"]
[TimeControl "5400+30"]

1. e4 {[%emt 0:00:00]} c5 {[%emt 0:00:00]} 2. c3 {[%emt 0:00:00]} d5 {[%emt 0:02:57]} 3. exd5 {[%emt 0:00:07]} Qxd5 {[%emt 0:00:09]} 4. d4 {[%emt 0:00:12]} Nc6 {[%emt 0:02:02]} 5. Nf3 {[%emt 0:00:16]} Bg4 {[%emt 0:01:27]} 6. Be2 {[%emt 0:00:39]} e6 {[%emt 0:02:32]} 7. h3 {[%emt 0:03:37]} Bh5 {[%emt 0:01:05]} 8. O-O {[%emt 0:00:47]} Nf6 {[%emt 0:01:55]} 9. Be3 {[%emt 0:02:30]} Rd8 {[%emt 0:04:35]} 10. Na3 {[%emt 0:08:54]} cxd4 {[%emt 0:01:52]} 11. Nb5 {[%emt 0:02:21]} Qd7 {[%emt 0:00:12]} 12. Nbxd4 {[%emt 0:01:05]} Be7 {[%emt 0:03:11]} 13. Nxc6 {[%emt 0:08:36]} Qxc6 {[%emt 0:00:41]} 14. Qb3 {[%emt 0:03:26]} a6 {[%emt 0:00:15]} 15. Ne5 {[%emt 0:10:27]} Qe4 {[%emt 0:00:34]} 16. Bxh5 {[%emt 0:02:41]} Nxh5 {[%emt 0:02:22]} 17. Nf3 {[%emt 0:00:59]} O-O {[%emt 0:01:54]} 18. Rfe1 {[%emt 0:01:29]} Qc6 {[%emt 0:01:56]} 19. a4 {[%emt 0:01:13]} Rd7 {[%emt 0:01:45]} 20. a5 {[%emt 0:05:59]} Bf6 {[%emt 0:08:05]} 21. Qb4 {[%emt 0:07:14]} g6 {[%emt 0:02:00]} 22. Bb6 {[%emt 0:01:17]} Re8 {[%emt 0:02:39]} 23. Rad1 {[%emt 0:04:09]} Rxd1 {[%emt 0:01:07]} 24. Rxd1 {[%emt 0:00:06]} e5 {[%emt 0:00:12]} 25. Qd6 {[%emt 0:05:33]} Qb5 {[%emt 0:07:38]} 26. Qd7 {[%emt 0:02:07]} Qxd7 {[%emt 0:04:39]} 27. Rxd7 {[%emt 0:00:10]} e4 {[%emt 0:01:42]} 28. Nd2 {[%emt 0:06:18]} Bg5 {[%emt 0:01:13]} 29. Nc4 {[%emt 0:04:49]} Re7 {[%emt 0:00:25]} 30. Rc7 {[%emt 0:02:39]} Rxc7 {[%emt 0:09:22]} 31. Bxc7 {[%emt 0:00:05]} Ng7 {[%emt 0:01:04]} 32. Bd6 {[%emt 0:04:24]} Ne8 {[%emt 0:00:53]} 33. Bc5 {[%emt 0:00:28]} f5 {[%emt 0:01:46]} 34. Kf1 {[%emt 0:01:53]} Kf7 {[%emt 0:00:19]} 35. Ke2 {[%emt 0:00:37]} Ke6 {[%emt 0:00:31]} 36. Nb6 {[%emt 0:01:09]} Bd8 {[%emt 0:00:38]} 37. c4 {[%emt 0:01:30]} Bxb6 {[%emt 0:00:19]} 38. Bxb6 {[%emt 0:00:11]} f4 {[%emt 0:02:11]} 39. Bd4 {[%emt 0:02:26]} h5 {[%emt 0:00:42]} 40. Kd2 {[%emt 0:01:59]} g5 {[%emt 0:00:56]} 41. Kc3 {[%emt 0:01:38]} g4 {[%emt 0:00:24]} 42. hxg4 {[%emt 0:00:16]} hxg4 {[%emt 0:00:09]} 43. b4 {[%emt 0:00:45]} Nd6 {[%emt 0:00:52]} 44. Bc5 {[%emt 0:01:11]} Nf5 {[%emt 0:01:12]} 45. b5 {[%emt 0:01:46]} g3 {[%emt 0:30:08]} 46. fxg3 {[%emt 0:01:18]} Nxg3 {[%emt 0:00:00]} 47. Kd2 {[%emt 0:00:33]} Nf5 {[%emt 0:01:00]} 48. Ke2 {[%emt 0:00:43]} Ke5 {[%emt 0:00:00]} 49. bxa6 {[%emt 0:00:46]} bxa6 {[%emt 0:00:00]} 50. Bb6 {[%emt 0:01:03]} Nh4 {[%emt 0:00:00]} 51. Kf2 {[%emt 0:00:25]} e3+ {[%emt 0:00:00]} 52. Kf1 {[%emt 0:00:38]} Ke4 {[%emt 0:00:00]} 53. c5 {[%emt 0:00:31]} Kd3 {[%emt 0:00:00]} 54. c6 {[%emt 0:00:32]} e2+ {[%emt 0:00:00]} 55. Kf2 {[%emt 0:00:27]} Nxg2 {[%emt 0:00:00]} 56. Kxg2 {[%emt 0:00:35]} e1=Q {[%emt 0:00:00]} 57. c7 {[%emt 0:00:27]} Qg3+ {[%emt 0:00:00]} 58. Kh1 {[%emt 0:00:17]} f3 {[%emt 0:00:00]} 0-1

[Event "7th Cattolica Open-B 2020"]
[Site "Cattolica"]
[Date "2020.09.06"]
[Round "7.6"]
[White "Beliman, Alexandro"]
[Black "Mammi, Ottavio"]
[Result "1-0"]
[WhiteElo "1732"]
[BlackElo "1633"]
[Annotator "NA"]
[PlyCount "97"]
[EventDate "2020.08.31"]
[EventType "swiss"]
[EventCountry "ITA"]
[SourceTitle "playchess.com"]
[Source "ChessBase"]
[SourceQuality "1"]
[TimeControl "5400+30"]

1. e4 {[%emt 0:00:00]} c6 {[%emt 0:00:39]} 2. d4 {[%emt 0:00:00]} d5 {[%emt 0:00:14]} 3. e5 {[%emt 0:00:00]} Bf5 {[%emt 0:00:19]} 4. Nf3 {[%emt 0:00:00]} e6 {[%emt 0:00:07]} 5. Be2 {[%emt 0:00:00]} c5 {[%emt 0:00:09]} 6. c3 {[%emt 0:00:25]} Nc6 {[%emt 1:31:32]} 7. a3 {[%emt 0:02:41]} Rc8 {[%emt 0:00:00]} 8. Be3 {[%emt 0:02:47]} b6 {[%emt 0:00:00]} 9. Nbd2 {[%emt 0:00:39]} Bg4 {[%emt 0:00:00]} 10. O-O {[%emt 0:02:29]} Nh6 {[%emt 0:00:00]} 11. h3 {[%emt 0:00:21]} Bh5 {[%emt 0:00:00]} 12. Re1 {[%emt 0:04:14]} Bg6 {[%emt 0:00:00]} 13. Nf1 {[%emt 0:02:43]} Be7 {[%emt 0:00:00]} 14. Ng3 {[%emt 0:04:05]} Nf5 {[%emt 0:04:00]} 15. Nxf5 {[%emt 0:01:14]} Bxf5 {[%emt 0:00:00]} 16. Qd2 {[%emt 0:00:57]} h6 {[%emt 0:00:00]} 17. Bd3 {[%emt 0:02:20]} g5 {[%emt 0:00:00]} 18. Nh2 {[%emt 0:03:32]} Rg8 {[%emt 0:00:00]} 19. Kf1 {[%emt 0:06:14]} h5 {[%emt 0:00:00]} 20. Ke2 {[%emt 0:10:20]} c4 {[%emt 0:00:00]} 21. Bxf5 {[%emt 0:06:19]} exf5 {[%emt 0:00:00]} 22. g3 {[%emt 0:02:09]} b5 {[%emt 0:00:00]} 23. Qc2 {[%emt 0:04:28]} Qd7 {[%emt 0:00:00]} 24. f4 {[%emt 0:02:17]} h4 {[%emt 0:00:00]} 25. Rg1 {[%emt 0:02:25]} f6 {[%emt 0:00:00]} 26. gxh4 {[%emt 0:03:16]} g4 {[%emt 0:00:00]} 27. hxg4 {[%emt 0:00:12]} fxg4 {[%emt 0:00:00]} 28. Qh7 {[%emt 0:00:04]} Kf8 {[%emt 0:00:00]} 29. f5 {[%emt 0:02:37]} Ke8 {[%emt 0:00:00]} 30. Qxg8+ {[%emt 0:00:15]} Bf8 {[%emt 0:00:00]} 31. e6 {[%emt 0:01:00]} Qd6 {[%emt 0:00:00]} 32. Qf7+ {[%emt 0:01:16]} Kd8 {[%emt 0:00:00]} 33. Qd7+ {[%emt 0:00:07]} Qxd7 {[%emt 0:00:00]} 34. exd7 {[%emt 0:00:04]} Kxd7 {[%emt 0:00:00]} 35. Nxg4 {[%emt 0:00:12]} Be7 {[%emt 0:10:30]} 36. h5 {[%emt 0:00:19]} Rh8 {[%emt 0:00:00]} 37. h6 {[%emt 0:00:29]} Bf8 {[%emt 0:01:00]} 38. Nxf6+ {[%emt 0:00:13]} Kd6 {[%emt 0:00:00]} 39. Bf4+ {[%emt 0:01:13]} Ke7 {[%emt 0:00:00]} 40. Nxd5+ {[%emt 0:36:04]} Kf7 {[%emt 0:00:00]} 41. Rg6 {[%emt 0:00:00]} Ne7 {[%emt 0:00:00]} 42. Nxe7 {[%emt 0:00:00]} Bxe7 {[%emt 0:00:00]} 43. Be5 {[%emt 0:00:00]} Rh7 {[%emt 0:00:00]} 44. Rag1 {[%emt 0:00:00]} Bf6 {[%emt 0:00:00]} 45. Rxf6+ {[%emt 0:00:00]} Ke7 {[%emt 0:04:00]} 46. Rg7+ {[%emt 0:00:00]} Rxg7 {[%emt 0:00:00]} 47. hxg7 {[%emt 0:00:00]} Kd7 {[%emt 0:00:00]} 48. g8=Q {[%emt 0:00:00]} Ke7 {[%emt 0:00:00]} 49. Rf7# {[%emt 0:00:00]} 1-0

[Event "7th Cattolica Open-B 2020"]
[Site "Cattolica"]
[Date "2020.09.06"]
[Round "7.7"]
[White "Tagliaferri, Valerio"]
[Black "Bianco, Paolo"]
[Result "1-0"]
[WhiteElo "1777"]
[BlackElo "1476"]
[Annotator "NA"]
[PlyCount "47"]
[EventDate "2020.08.31"]
[EventType "swiss"]
[EventCountry "ITA"]
[SourceTitle "playchess.com"]
[Source "ChessBase"]
[SourceQuality "1"]
[TimeControl "5400+30"]

1. d4 {[%emt 0:01:38]} Nf6 {[%emt 0:00:00]} 2. Nf3 {[%emt 0:00:15]} e6 {[%emt 0:00:00]} 3. Bf4 {[%emt 0:00:19]} c5 {[%emt 0:02:26]} 4. e3 {[%emt 0:00:22]} Nc6 {[%emt 0:01:16]} 5. c3 {[%emt 0:00:21]} d5 {[%emt 0:00:15]} 6. Nbd2 {[%emt 0:00:48]} Bd6 {[%emt 0:00:23]} 7. Ne5 {[%emt 0:01:01]} O-O {[%emt 0:02:37]} 8. Bd3 {[%emt 0:00:47]} Qe7 {[%emt 0:02:50]} 9. h3 {[%emt 0:01:05]} Nd7 {[%emt 0:05:32]} 10. Ndf3 {[%emt 0:05:41]} f6 {[%emt 0:11:26]} 11. Nxc6 {[%emt 0:00:36]} bxc6 {[%emt 0:00:10]} 12. Bxd6 {[%emt 0:00:35]} Qxd6 {[%emt 0:00:01]} 13. Qc2 {[%emt 0:05:36]} g6 {[%emt 0:17:36]} 14. Rc1 {[%emt 0:28:43]} e5 {[%emt 0:15:29]} 15. Bxg6 {[%emt 0:14:45]} hxg6 {[%emt 0:13:37]} 16. Qxg6+ {[%emt 0:00:07]} Kh8 {[%emt 0:00:16]} 17. Nh4 {[%emt 0:06:58]} Nb6 {[%emt 0:16:17]} 18. dxc5 {[%emt 0:10:43]} Qxc5 {[%emt 0:02:09]} 19. g4 {[%emt 0:01:51]} Qc4 {[%emt 0:05:49]} 20. Rg1 {[%emt 0:02:34]} Rb8 {[%emt 0:01:12]} 21. Nf5 {[%emt 0:00:25]} Rb7 {[%emt 0:00:35]} 22. Qh6+ {[%emt 0:03:53]} Kg8 {[%emt 0:00:01]} 23. g5 {[%emt 0:00:30]} Rh7 {[%emt 0:00:30]} 24. gxf6+ {[%emt 0:00:30]} 1-0

[Event "7th Cattolica Open-B 2020"]
[Site "Cattolica"]
[Date "2020.09.06"]
[Round "7.8"]
[White "Urbani, Gabriel"]
[Black "Mascia, Leonardo"]
[Result "1-0"]
[WhiteElo "1737"]
[BlackElo "1585"]
[Annotator "NA"]
[PlyCount "87"]
[EventDate "2020.08.31"]
[EventType "swiss"]
[EventCountry "ITA"]
[SourceTitle "playchess.com"]
[Source "ChessBase"]
[SourceQuality "1"]
[TimeControl "5400+30"]

1. d4 {[%emt 0:00:00]} d5 {[%emt 0:00:00]} 2. e3 {[%emt 0:00:00]} e6 {[%emt 0:00:00]} 3. Bd3 {[%emt 0:00:18]} Bd6 {[%emt 0:00:15]} 4. f4 {[%emt 0:00:59]} c5 {[%emt 0:02:00]} 5. c3 {[%emt 0:02:08]} f5 {[%emt 0:06:21]} 6. Nf3 {[%emt 0:01:36]} Nf6 {[%emt 0:00:05]} 7. O-O {[%emt 0:01:41]} O-O {[%emt 0:00:04]} 8. c4 {[%emt 0:02:49]} b6 {[%emt 0:07:23]} 9. Nc3 {[%emt 0:03:50]} Nc6 {[%emt 0:02:07]} 10. a3 {[%emt 0:04:52]} a6 {[%emt 0:06:50]} 11. b3 {[%emt 0:07:06]} Ne4 {[%emt 0:03:50]} 12. Bb2 {[%emt 0:03:36]} Qc7 {[%emt 0:10:26]} 13. cxd5 {[%emt 0:03:43]} Nxc3 {[%emt 0:00:10]} 14. Bxc3 {[%emt 0:00:10]} exd5 {[%emt 0:00:06]} 15. Bb2 {[%emt 0:01:29]} Na5 {[%emt 0:10:19]} 16. dxc5 {[%emt 0:05:58]} bxc5 {[%emt 0:01:45]} 17. Rc1 {[%emt 0:02:53]} Qb6 {[%emt 0:06:19]} 18. Bc2 {[%emt 0:02:48]} Be6 {[%emt 0:00:44]} 19. Ng5 {[%emt 0:01:02]} Be7 {[%emt 0:01:32]} 20. Qh5 {[%emt 0:07:17]} Bxg5 {[%emt 0:03:19]} 21. Qxg5 {[%emt 0:00:15]} Rf7 {[%emt 0:00:27]} 22. Rf3 {[%emt 0:02:41]} Nxb3 {[%emt 0:02:46]} 23. Bxb3 {[%emt 0:09:41]} Qxb3 {[%emt 0:00:12]} 24. Be5 {[%emt 0:00:11]} Qxa3 {[%emt 0:10:22]} 25. Rb1 {[%emt 0:02:12]} Qd3 {[%emt 0:01:56]} 26. Rb2 {[%emt 0:00:55]} c4 {[%emt 0:02:49]} 27. Rg3 {[%emt 0:00:52]} g6 {[%emt 0:00:15]} 28. Qh6 {[%emt 0:00:36]} Re7 {[%emt 0:10:42]} 29. Rxg6+ {[%emt 0:07:35]} hxg6 {[%emt 0:00:05]} 30. Qxg6+ {[%emt 0:01:09]} Kf8 {[%emt 0:00:06]} 31. Qh6+ {[%emt 0:02:17]} Ke8 {[%emt 0:01:12]} 32. Qh8+ {[%emt 0:00:12]} Kd7 {[%emt 0:00:34]} 33. Qxa8 {[%emt 0:00:26]} Qxe3+ {[%emt 0:00:29]} 34. Kf1 {[%emt 0:00:06]} Qd3+ {[%emt 0:07:12]} 35. Kf2 {[%emt 0:00:17]} c3 {[%emt 0:02:44]} 36. Rb7+ {[%emt 0:00:32]} Kc6 {[%emt 0:00:06]} 37. Rxe7+ {[%emt 0:00:31]} Kb5 {[%emt 0:02:58]} 38. Qb7+ {[%emt 0:00:56]} Ka4 {[%emt 0:00:00]} 39. Qc6+ {[%emt 0:00:16]} Kb3 {[%emt 0:00:00]} 40. Qxc3+ {[%emt 0:00:26]} Qxc3 {[%emt 0:00:00]} 41. Bxc3 {[%emt 0:00:04]} Kxc3 {[%emt 0:00:00]} 42. Rxe6 {[%emt 0:00:05]} a5 {[%emt 0:00:00]} 43. Ra6 {[%emt 0:00:08]} Kb4 {[%emt 0:00:00]} 44. Ke3 {[%emt 0:00:05]} 1-0

[Event "7th Cattolica Open-B 2020"]
[Site "Cattolica"]
[Date "2020.09.06"]
[Round "7.9"]
[White "Palozza, Flavio"]
[Black "Di Maulo, Alessandra"]
[Result "1/2-1/2"]
[WhiteElo "1619"]
[BlackElo "1751"]
[Annotator "NA"]
[PlyCount "97"]
[EventDate "2020.08.31"]
[EventType "swiss"]
[EventCountry "ITA"]
[SourceTitle "playchess.com"]
[Source "ChessBase"]
[SourceQuality "1"]
[TimeControl "5400+30"]

1. Nf3 {[%emt 0:00:00]} d5 {[%emt 0:00:00]} 2. b3 {[%emt 0:00:00]} Nf6 {[%emt 0:00:20]} 3. Bb2 {[%emt 0:00:00]} e6 {[%emt 0:01:29]} 4. c4 {[%emt 0:00:00]} Be7 {[%emt 0:00:23]} 5. e3 {[%emt 0:00:00]} O-O {[%emt 0:00:13]} 6. Nc3 {[%emt 0:00:10]} b6 {[%emt 0:00:54]} 7. cxd5 {[%emt 0:00:11]} Nxd5 {[%emt 1:30:11]} 8. d4 {[%emt 0:01:41]} Bb7 {[%emt 0:00:00]} 9. g3 {[%emt 0:03:23]} Nd7 {[%emt 0:00:00]} 10. Bg2 {[%emt 0:06:47]} N7f6 {[%emt 0:00:00]} 11. O-O {[%emt 0:05:54]} c5 {[%emt 0:00:00]} 12. Rc1 {[%emt 0:04:20]} Rc8 {[%emt 0:00:00]} 13. Qe2 {[%emt 0:03:59]} cxd4 {[%emt 0:00:00]} 14. Nxd4 {[%emt 1:10:35]} Nxc3 {[%emt 0:03:30]} 15. Bxc3 {[%emt 0:00:00]} Bxg2 {[%emt 0:00:00]} 16. Kxg2 {[%emt 0:00:00]} Qd5+ {[%emt 0:00:00]} 17. Kg1 {[%emt 0:00:00]} Qb7 {[%emt 0:00:00]} 18. Rfd1 {[%emt 0:00:00]} Rfd8 {[%emt 0:00:00]} 19. Bb2 {[%emt 0:00:00]} Nd5 {[%emt 0:00:00]} 20. Qg4 {[%emt 0:00:00]} Nf6 {[%emt 0:00:00]} 21. Qe2 {[%emt 0:00:00]} Nd5 {[%emt 0:03:30]} 22. e4 {[%emt 0:00:00]} Nf6 {[%emt 0:00:00]} 23. e5 {[%emt 0:00:00]} Nd5 {[%emt 0:00:00]} 24. Qg4 {[%emt 0:00:00]} Bc5 {[%emt 0:00:00]} 25. Nf3 {[%emt 0:02:31]} Ne7 {[%emt 0:00:00]} 26. Ng5 {[%emt 0:00:55]} Ng6 {[%emt 0:00:00]} 27. h4 {[%emt 0:01:06]} h6 {[%emt 0:00:00]} 28. Ne4 {[%emt 0:00:25]} Qe7 {[%emt 0:00:00]} 29. h5 {[%emt 0:01:13]} Nf8 {[%emt 0:00:00]} 30. Nxc5 {[%emt 0:01:00]} bxc5 {[%emt 0:01:17]} 31. Rxd8 {[%emt 0:00:37]} Rxd8 {[%emt 0:00:29]} 32. Rc4 {[%emt 0:00:35]} Rd5 {[%emt 0:00:54]} 33. Rc1 {[%emt 0:00:34]} Qd7 {[%emt 0:01:25]} 34. Re1 {[%emt 0:00:28]} Rd2 {[%emt 0:00:30]} 35. Bc1 {[%emt 0:00:18]} Rd4 {[%emt 0:00:30]} 36. Qf3 {[%emt 0:00:35]} Nh7 {[%emt 0:01:09]} 37. Be3 {[%emt 0:00:33]} Rd5 {[%emt 0:00:19]} 38. Bf4 {[%emt 0:00:28]} Qd8 {[%emt 0:00:55]} 39. Rc1 {[%emt 0:00:39]} Ng5 {[%emt 0:01:32]} 40. Qe2 {[%emt 0:00:28]} Nh3+ {[%emt 0:00:00]} 41. Kg2 {[%emt 0:00:01]} Nxf4+ 42. gxf4 {[%emt 0:00:02]} Qh4 {[%emt 0:00:19]} 43. Qf3 {[%emt 0:00:17]} Rd4 {[%emt 0:00:55]} 44. Rc4 {[%emt 0:00:12]} Rxc4 {[%emt 0:00:19]} 45. bxc4 {[%emt 0:00:03]} Qe7 {[%emt 0:00:19]} 46. Qa8+ {[%emt 0:00:46]} Kh7 {[%emt 0:00:04]} 47. Qe4+ {[%emt 0:01:01]} Kg8 {[%emt 0:00:04]} 48. Qa8+ {[%emt 0:01:26]} Kh7 {[%emt 0:00:03]} 49. Qe4+ {[%emt 0:00:34]} 1/2-1/2

[Event "7th Cattolica Open-B 2020"]
[Site "Cattolica"]
[Date "2020.09.06"]
[Round "7.10"]
[White "Pizzoferrato, Mattia"]
[Black "Danese, Aldo"]
[Result "1-0"]
[WhiteElo "1854"]
[BlackElo "1634"]
[Annotator "NA"]
[PlyCount "149"]
[EventDate "2020.08.31"]
[EventType "swiss"]
[EventCountry "ITA"]
[SourceTitle "playchess.com"]
[Source "ChessBase"]
[SourceQuality "1"]
[TimeControl "5400+30"]

1. e4 {[%emt 0:00:00]} b6 {[%emt 0:00:00]} 2. d4 {[%emt 0:00:05]} e6 {[%emt 0:00:03]} 3. Bd3 {[%emt 0:01:24]} Bb7 {[%emt 0:00:08]} 4. Nf3 {[%emt 0:00:57]} Ne7 {[%emt 0:00:22]} 5. c4 {[%emt 0:04:01]} Ng6 {[%emt 0:00:44]} 6. O-O {[%emt 0:02:33]} Be7 {[%emt 0:00:26] B00: Queen's Fianchetto Defence, Nimzowitsch Defence.} 7. Nc3 {[%emt 0:01:26] [#]} d6 $146 {[%emt 0:00:09]} ({Predecessor:} 7... O-O 8. a3 d6 9. b4 c5 10. bxc5 dxc5 11. d5 e5 12. Ne2 Bc8 13. Nd2 Qd6 14. Nb1 {1-0 (34) Neumann,T (2130)-Engelhardt,E (1847) Berlin 2012}) 8. Qe2 {[%emt 0:06:16]} Nd7 {[%emt 0:00:36]} 9. Re1 {[%emt 0:02:20]} e5 {[%emt 0:00:29]} 10. Be3 {[%emt 0:05:18]} O-O {[%emt 0:00:36]} 11. Rad1 {[%emt 0:01:12]} Bf6 {[%emt 0:05:22]} 12. Bc2 {[%emt 0:05:17]} Qc8 {[%emt 0:02:02]} 13. b4 {[%emt 0:07:19]} Re8 {[%emt 0:02:58]} 14. d5 {[%emt 0:04:30]} Qd8 {[%emt 0:01:52]} 15. Qd2 {[%emt 0:03:44]} h6 {[%emt 0:03:07]} 16. Ne2 {[%emt 0:00:55]} Ndf8 {[%emt 0:01:48]} 17. Ba4 {[%emt 0:00:48]} Re7 {[%emt 0:00:15]} 18. Ng3 {[%emt 0:00:21]} Bc8 {[%emt 0:01:33]} 19. Nf5 {[%emt 0:06:18]} Bxf5 {[%emt 0:06:48]} 20. exf5 {[%emt 0:00:08]} Nh4 {[%emt 1:10:42]} 21. Nxh4 {[%emt 0:00:41]} Bxh4 {[%emt 0:00:00]} 22. Bxh6 {[%emt 0:01:50]} Nh7 {[%emt 0:00:00]} 23. Re4 {[%emt 0:04:29]} Bf6 {[%emt 0:00:00]} 24. Rg4 {[%emt 0:05:34]} Kh8 {[%emt 0:02:00]} 25. Be3 {[%emt 0:00:36]} a5 {[%emt 0:00:00]} 26. h4 {[%emt 0:07:58]} axb4 {[%emt 0:00:00]} 27. Bc6 {[%emt 0:00:19]} Ra5 {[%emt 0:00:00]} (27... Ra7 $14) 28. h5 {[%emt 0:00:14]} (28. Qxb4 $16 Qc8 29. Qb1) 28... Qc8 {[%emt 0:00:00]} 29. Qc2 {[%emt 0:00:40]} (29. Qd3 $11 {keeps the balance.}) 29... Qa6 $2 {[%emt 0:00:00]} ({Black should try} 29... e4 $1 $17 30. Qe2 (30. Rxe4 $2 Qxf5 {[%mdl 64] Double Attack} 31. Rxe7 Qxc2 $19) 30... Qxf5) 30. a4 {[%emt 0:00:48]} Qc8 {[%emt 0:00:00]} (30... bxa3 $16 31. Bd2 e4) 31. Qe4 {[%emt 0:01:26]} b3 {[%emt 0:00:00]} 32. h6 {[%emt 0:01:50]} b2 {[%emt 0:00:00]} 33. Rb1 {[%emt 0:05:49]} Qa6 {[%emt 0:00:00]} 34. Rxb2 {[%emt 0:01:04]} Rxa4 {[%emt 0:00:00]} 35. Bxa4 {[%emt 0:00:05]} Qxa4 {[%emt 0:00:00]} 36. Rb1 {[%emt 0:01:00]} Re8 {[%emt 0:00:00]} 37. hxg7+ {[%emt 0:00:44]} Bxg7 {[%emt 0:00:00]} 38. g3 {[%emt 0:02:21]} Nf6 {[%emt 0:00:00]} 39. Rh4+ {[%emt 0:00:04]} Kg8 {[%emt 0:00:00]} 40. Qd3 {[%emt 0:00:24]} Qa2 {[%emt 0:00:00]} 41. g4 {[%emt 0:03:04]} e4 {[%emt 0:00:00]} 42. Qf1 {[%emt 0:00:09]} Nh7 {[%emt 0:00:00]} 43. g5 $18 {[%emt 0:02:41]} f6 {[%emt 0:00:00]} 44. gxf6 {[%emt 0:02:22]} Nxf6 {[%emt 0:00:00]} 45. Bh6 {[%emt 0:02:40]} Re7 {[%emt 0:00:00]} 46. Bg5 {[%emt 0:02:56]} Kf7 {[%emt 0:00:00]} 47. Re1 {[%emt 0:01:12]} Qc2 {[%emt 0:00:00]} 48. Qg2 {[%emt 0:01:58]} Qc3 {[%emt 0:00:00]} 49. Rc1 {[%emt 0:01:19]} Qe5 {[%emt 0:00:00]} 50. Bxf6 {[%emt 0:00:53]} Qxf6 {[%emt 0:00:00]} 51. Qg4 {[%emt 0:01:06]} e3 {[%emt 0:00:00]} 52. fxe3 {[%emt 0:01:53]} Rxe3 {[%emt 0:00:00]} 53. Qg6+ {[%emt 0:00:43]} Qxg6+ {[%emt 0:14:30]} 54. fxg6+ {[%emt 0:01:16]} Kxg6 {[%emt 0:00:00]} 55. Rg4+ {[%emt 0:00:00]} Kh6 {[%emt 0:00:00]} 56. Kf2 {[%emt 0:00:06]} Rh3 {[%emt 0:00:00]} 57. Kg2 {[%emt 0:00:52]} Rh5 {[%emt 0:00:00]} 58. Rh1 {[%emt 0:00:23]} Be5 {[%emt 0:00:00]} 59. Rxh5+ {[%emt 0:00:25]} Kxh5 {[%emt 0:00:00]} 60. Rg8 {[%emt 0:00:06]} Bd4 {[%emt 0:00:00]} 61. Kf3 {[%emt 0:00:19]} Kh6 {[%emt 0:00:00]} 62. Ke4 {[%emt 0:00:52]} Bc5 {[%emt 0:00:00]} 63. Kf5 {[%emt 0:00:46]} Kh7 {[%emt 0:00:00]} 64. Rg2 {[%emt 0:00:04]} Bd4 {[%emt 0:00:00]} 65. Ke6 {[%emt 0:00:21]} Kh6 {[%emt 0:00:00]} 66. Kd7 {[%emt 0:00:11]} Bc5 {[%emt 0:00:00]} 67. Kxc7 {[%emt 0:00:09]} Kh5 {[%emt 0:00:00]} 68. Rb2 {[%emt 0:00:52]} Kg5 {[%emt 0:00:00]} 69. Rxb6 {[%emt 0:00:12]} Kf5 {[%emt 0:00:00]} 70. Rxd6 {[%emt 0:00:06]} Ke5 {[%emt 0:00:00]} 71. Rc6 Bb4 {[%emt 0:09:00]} 72. d6 {[%emt 0:03:16]} Ba5+ {[%emt 0:00:00]} 73. Kc8 {[%emt 0:00:30]} Ke6 {[%emt 0:00:00]} 74. d7+ {[%emt 0:00:00]} Ke7 {[%emt 0:00:00]} 75. Rc7 {[%emt 0:00:00]} 1-0